| 000 | 00897nam a2200217Ia 4500 | ||
|---|---|---|---|
| 999 |
_c4826 _d4826 |
||
| 003 | OSt | ||
| 005 | 20200429161915.0 | ||
| 008 | 191128s1993 ck gr 001 0 spa d | ||
| 040 |
_aCO-JMCR _cCO-JMCR |
||
| 041 | 0 | _aspa | |
| 082 | 0 | 4 |
_a324.609861 / _bC755m _223 |
| 110 | 1 |
_aColombia. _bOrganización Electoral. Consejo Nacional Electoral _93681 |
|
| 245 | 1 | 0 |
_aMemorias y doctrina 1986-1992 : _bjurisprudencia del Consejo de Estado 1990-1992 / _cOrganización Electoral. Consejo Nacional Electoral |
| 260 |
_aBogotá : _bConsejo Nacional Electoral, _c1993 |
||
| 300 |
_a365 páginas ; _c24 cm. |
||
| 500 | _aIncluye Índice analítico. | ||
| 505 | 0 | _aNormas constitucionales y legales sobre la organización electoral -- Memorias y doctrinas del consejo nacional electorial 1986 - 1992 | |
| 650 | 1 | 4 |
_aMemoria y doctrinas _93682 |
| 650 | 1 | 4 |
_aConsejo nacional electoral _93683 |
| 942 |
_2ddc _cBK |
||